Catalog

Record Details

Catalog Search



King Arthur and his Knights of the Round Table : retold out of the old Romances  Cover Image Book Book

King Arthur and his Knights of the Round Table : retold out of the old Romances / Roger Lancelyn Green ; with illustrations by Aubrey Beardsley.

Green, Roger Lancelyn. (Author). Beardsley, Aubrey, 1872-1898 (ill.). Malory, Thomas, Sir, Morte d'Arthur. (Added Author).

Summary:

A retelling of the story of the boy fated to be the "true-born King of Britain," covering his glorious reign and his tragic, yet triumphant, passing.

Record details

  • ISBN: 0679423117
  • ISBN: 9780679423119
  • ISBN: 1857159101
  • ISBN: 9781857159103
  • Physical Description: 355 p. : ill. ; 21 cm.
  • Publisher: New York : Knopf : 1993.

Content descriptions

General Note:
"First published 1953"--T.p. verso.
Formatted Contents Note:
Book One: Coming of Arthur: Two swords -- Balyn and Balan -- First quest of the round table -- Magic of Nimue and Morgana le Fay -- Book Two: Knights of the round table: Sir Gawain and the green knight -- First quest of Sir Lancelot -- Sir Gareth, or the knight of the kitchen -- Sir Tristram and the fair Iseult -- Geraint and Enid -- Sir Gawain and the lady Ragnell -- Sir Percivale of Wales -- Story of Lancelot and Elaine -- Book Three: Quest of the Holy Grail: How the Holy Grail came to Camelot -- First adventures of Sir Galahad -- Adventures of Sir Percivale -- Adventures of Sir Bors de Gannis -- Adventures of Sir Lancelot -- How Lancelot and Gawain came to Carbonek -- End of the quest -- Book Four: Departing of Arthur: Lancelot and Guinevere -- Plots of Sir Mordred -- Last battle -- Epilogue: Avalon.
Subject: Arthur, King > Juvenile literature.
Arthurian romances > Adaptations.
Knights and knighthood > Folklore.
Folklore > England.
Genre: Adaptations.

Available copies

  • 1 of 1 copy available at scottsboropl.

Holds

  • 0 current holds with 1 total copy.
Show Only Available Copies
Location Call Number / Copy Notes Barcode Shelving Location Status Due Date
scottsboropl JF Gre 32269000601545 Juvenile - Fiction Available -

LDR 04026cam a2200757 a 4500
001156825
003SBPL
00520211108102052.0
008921112s1993 nyua j b 000 0 eng
010 . ‡a 92055073
020 . ‡a0679423117
020 . ‡a9780679423119
020 . ‡a1857159101 ‡q(hbk.)
020 . ‡a9781857159103 ‡q(hbk.)
035 . ‡a(OCoLC)29401187
035 . ‡a(OCoLC)29401187 ‡z(OCoLC)1011030020 ‡z(OCoLC)1057103887 ‡z(OCoLC)1263584743
05000. ‡aPZ8.1.G77 ‡bKi 1993
08200. ‡a398.2 ‡221
1001 . ‡aGreen, Roger Lancelyn.
24510. ‡aKing Arthur and his Knights of the Round Table : ‡bretold out of the old Romances / ‡cRoger Lancelyn Green ; with illustrations by Aubrey Beardsley.
260 . ‡aNew York : ‡bKnopf : ‡bDistributed by Random House, ‡c1993.
300 . ‡a355 p. : ‡bill. ; ‡c21 cm.
336 . ‡atext ‡btxt ‡2rdacontent
337 . ‡aunmediated ‡bn ‡2rdamedia
338 . ‡avolume ‡bnc ‡2rdacarrier
4901 . ‡aEveryman's library children's classics
500 . ‡a"First published 1953"--T.p. verso.
520 . ‡aA retelling of the story of the boy fated to be the "true-born King of Britain," covering his glorious reign and his tragic, yet triumphant, passing.
5050 . ‡aBook One: Coming of Arthur: Two swords -- Balyn and Balan -- First quest of the round table -- Magic of Nimue and Morgana le Fay -- Book Two: Knights of the round table: Sir Gawain and the green knight -- First quest of Sir Lancelot -- Sir Gareth, or the knight of the kitchen -- Sir Tristram and the fair Iseult -- Geraint and Enid -- Sir Gawain and the lady Ragnell -- Sir Percivale of Wales -- Story of Lancelot and Elaine -- Book Three: Quest of the Holy Grail: How the Holy Grail came to Camelot -- First adventures of Sir Galahad -- Adventures of Sir Percivale -- Adventures of Sir Bors de Gannis -- Adventures of Sir Lancelot -- How Lancelot and Gawain came to Carbonek -- End of the quest -- Book Four: Departing of Arthur: Lancelot and Guinevere -- Plots of Sir Mordred -- Last battle -- Epilogue: Avalon.
60000. ‡aArthur, ‡cKing ‡vJuvenile literature.
650 0. ‡aArthurian romances ‡vAdaptations.
650 1. ‡aKnights and knighthood ‡xFolklore.
650 1. ‡aFolklore ‡zEngland.
655 7. ‡aAdaptations. ‡2lcgft
7001 . ‡aBeardsley, Aubrey, ‡d1872-1898, ‡eill.
7001 . ‡aMalory, Thomas, ‡cSir, ‡dactive 15th century. ‡tMorte d'Arthur.
830 0. ‡aEveryman's library children's classics.
901 . ‡a156825 ‡b ‡c156825 ‡tbiblio

Additional Resources